| 000 | 00510nam a2200193 a 4500 | ||
|---|---|---|---|
| 001 | 1770285653454 | ||
| 003 | YourLibrary | ||
| 005 | 20260205153745.0 | ||
| 008 | 260205s2004##################000#0#eng## | ||
| 020 | _a9780471472230 | ||
| 082 | 0 | 4 | _a333.33068RIC |
| 100 | 1 |
_aRichard, Dan Gooder, _eauthor. |
|
| 245 | 1 | 0 | _aReal Estate Rainmaker : |
| 260 |
_bJohn Wiley & Sons, _c2004. |
||
| 300 | _a342 pages | ||
| 650 | 0 | _aBusiness & Economics. | |
| 942 | _cENGLISH | ||
| 040 |
_aYourLibrary _beng _cYourLibrary |
||
| 999 |
_c610528 _d610528 |
||